LEADER 00916nam0-2200325 --450 001 9910448460203321 005 20210426133755.0 010 $a978-88-255-3467-2 100 $a20210426d2020----km y0itay50 ba 101 0 $aita 102 $aIT 105 $ay 001yy 200 1 $a<>funzione zeta di Riemann in fisica$fPaolo D'Isanto 210 $aCanterano$cAracne$d2020 215 $a175 p.$d24 cm 225 1 $aA01 610 0 $aCalcolo delle variazioni 610 0 $aDifferenze finite 610 0 $aIntegrali di Fourier 610 0 $aTrasformazioni di Fourier e Laplace 610 0 $aFunzioni di variabile complessa 676 $a515.56$v23 700 1$aD'Isanto,$bPaolo$0792638 801 0$aIT$bUNINA$gREICAT$2UNIMARC 901 $aBK 912 $a9910448460203321 952 $a16-158$b25096$fFI1 959 $aFI1 996 $aFunzione zeta di Riemann in fisica$91772551 997 $aUNINA LEADER 01235nam0-2200325 --450 001 9911020971803321 005 20250829111841.0 010 $a978-88-916-6878-3 100 $a20250829d2024----kmuy0itay5050 ba 101 0 $aita 102 $aIT 105 $aa a 001yy 200 1 $aPiano e progetto di area verde$emanuale di progettazione$eil sistema delle aree verdi, parchi e giardini pubblici e privati, percorsi verdi...$fAlessandro Toccolini 205 $a5. ed.$fcon la collaborazione di Paolo Stefano Ferrario, Natalia Fumagalli, Giulio Senes 210 $aSantarcangelo di Romagna$cMaggioli Editore$d2024 215 $a563 p.$cill.$d30 cm 225 1 $aAmbiente & territorio$v57 300 $aIl volume include l'accesso ai contenuti aggiuntivi online (istruzioni sul risvolto della quarta di copertina) 610 0 $aZone verdi$aSistemazione 700 1$aToccolini,$bAlessandro$0448162 702 1$aFumagalli,$bNatalia 702 1$aFerrario,$bPaolo Stefano 702 1$aSenes,$bGiulio Luigi 801 0$aIT$bUNINA$gREICAT$2UNIMARC 901 $aBK 912 $a9911020971803321 952 $aTECN C 715$b545/2025$fFARBC 959 $aFARBC 996 $aPiano e progetto di area verde$929663 997 $aUNINA